00537nam a22001577a 450000500170000001000150001702000260003203500140005803700090007208200110008124500470009225000060013926000590014527001540020430000210035820240911130032.0 aENG-140817 c450.00a9789357312035 aEN-124349 bDBAD a95421 aIndia's Book of Firsts/cEd. by Durga Basu a1 aGurugrambHachette Book Publishing India Pvt.Ltdc2024 bGurugramaHachette Book Publishing India Pvt.Ltd 4th&5th Floors, Corporate Centre Plot No.94, Sector44, Gurugram Indiae122003mwww.hachetteindia.com a354p.c20cm (pb)